[Event "Black Sea GP"]
[Site "Evpatoria"]
[Date "2021.10.27"]
[Round "9"]
[White "Chos, Alexey"]
[Black "Aryslanov, Leonidas"]
[Result "1-0"]
[WhiteElo "2296"]
[BlackElo "1121"]
[PlyCount "37"]
[EventDate "2021.10.19"]
[EventType "swiss"]
[EventRounds "9"]
[EventCountry "UKR"]
[SourceTitle "EXT 2023"]
[Source "ChessBase"]
[SourceDate "2022.10.05"]
[SourceVersion "1"]
[SourceVersionDate "2022.10.05"]
[SourceQuality "1"]

1. e4 e5 2. Bc4 Nf6 3. d4 Nc6 4. Nf3 exd4 5. e5 Ne4 6. c3 dxc3 7. Qd5 Qe7 8. Qxe4 cxb2 9. Bxb2 d6 10. 0-0 Bd7 11. Nc3 0-0-0 12. Nd5 Qe8 13. Rfc1 dxe5 14. Bxe5 Nxe5 15. Nxe5 Bc6 16. Qg4+ Kb8 17. Nxc6+ bxc6 18. Rab1+ Ka8 19. Nxc7# 1-0